000
00310nam a2200133Ia 4500
008
240624s9999 xx 000 0 und d
041
_a
eng
082
_a
200 NAR
100
_a
NARAYAN R K
245
_a
RAMAYANA
260
_c
2012
_a
New Delhi
_b
Vision Books
300
_a
175 : p. : cm. ; 23
365
_c
RS
_b
25
999
_c
23720
_d
23720